000 00959nam a22002417a 4500
999 _c6108
_d6108
003 AR-CdUCM
008 190313b ||||| |||| 00| 0 spa d
040 _aMUNICIPALIDAD PROVINCIAL DEL CUSCO
_cBIBLIOTECA MUNICIPAL DEL CUSCO
041 _hpo
082 _a918.5 /
_bV19
100 _aValdez y Palacios, José Manuel
_917738
245 _aViaje del Cuzco a Belén en el gran Pará :
_bpor los ríos Vilcamayo, Ucayali y Amazonas /
260 _aLima :
_bBiblioteca Nacional del Perú,
_c1971.
300 _a104 páginas ;
_c22 cm.
505 _aContenido: Cordillera de los Andes -- Descripción de las quebradas de Taray, Calca y Urubamba y de los Valles del Santa Ana, desde la población de Taray hasta la misión de Cocabambilla ...
650 _aCuzco
_97693
650 _aPerú
_935
650 _aSiglo XX
_98
650 _aViajes por el Perú
_917739
700 _aMaría Pereira, Raul (traductor)
_917740
942 _2ddc
_cLIBROS
945 _acmm